| 000 | 00832cam a2200313 4500500 | ||
|---|---|---|---|
| 005 | 20260405003625.0 | ||
| 041 | _afre | ||
| 042 | _adc | ||
| 100 | 1 | 0 |
_aMorisson, Batiste _eauthor |
| 245 | 0 | 0 | _aEuthanasie : à la recherche de la bonne loi |
| 260 | _c2023. | ||
| 500 | _a64 | ||
| 690 | _aDignité | ||
| 690 | _aDouleur | ||
| 690 | _aDroit | ||
| 690 | _aEuthanasie | ||
| 690 | _aFatigue | ||
| 690 | _aLégislation | ||
| 690 | _aLiberté | ||
| 690 | _aLoi | ||
| 690 | _aLoi Leonetti | ||
| 690 | _aMédecine | ||
| 690 | _aMort | ||
| 690 | _aSouffrance | ||
| 690 | _aSuicide assisté | ||
| 690 | _aVieillesse | ||
| 786 | 0 | _nPhilosophie magazine | 166 | 1 | 2023-02-01 | p. 9-9 | 1951-1787 | |
| 856 | 4 | 1 | _uhttps://shs.cairn.info/magazine-philosophie-magazine-2023-1-page-9?lang=fr&redirect-ssocas=7080 |
| 999 |
_c2069387 _d2069387 |
||